000 00373cam a22001097a 4500
008 180718b1968 xxu||||| |||| 00| 0 eng d
082 _aR706x71 C16/ST/8
100 _aArthurs, Harry W.
245 _aTask force on labour relations, study no. 8 labour disputes in essential industries
_cby Harry W. Arthurs
260 _aOttawa
_bPrivy Council Office
_c1968
300 _axi, 305p
999 _c496399
_d496399